| 000 | 00801nam a2200265Ia 4500 | ||
|---|---|---|---|
| 001 | Para_4240 | ||
| 003 | CHAP | ||
| 008 | 220125s1929 xx 000 0 und d | ||
| 010 | _a202559 | ||
| 040 | _cCHAP | ||
| 090 | _aPA FOLLETO 1451 | ||
| 245 |
_aResults of the ninth year's work against the gipsy moth in New Jersey / _c Department of Agriculture |
||
| 260 |
_aTrenton, N. J. : _b The Department |
||
| 300 | _a9 p. | ||
| 440 |
_aNew Jersey. Dep. Agr. Circular 169 _981003 |
||
| 650 |
_aLymantria dispar Mariposas _x New Jersey _9167834 |
||
| 710 |
_aEUA, Department of Agricultura _9166867 |
||
| 901 | _aPA FOLLETO 1451 | ||
| 902 | _aA | ||
| 905 | _a0000001929 TRE 0000000000 00 | ||
| 910 | _a1929 | ||
| 942 | _cPARA | ||
| 942 |
_cPARA _d1 |
||
| 999 |
_c202559 _d202559 |
||